The first neighbor alphabetically-Countries - Statistics

General Stats
  • This quiz has been taken 32 times
    17 since last reset
  • The average score is 12 of 15
Answer Stats
Country First Country Alphabetically % Correct
Chile Argentina
92%
Turkey Armenia
92%
R. Congo Angola
85%
Colombia Brazil
85%
Thailand Cambodia
85%
Ethiopia Djibouti
85%
Iraq Iran
85%
Greece Albania
77%
Poland Belarus
77%
Guatemala Belize
77%
Benin Burkina Faso
77%
Chad Cameroon
77%
Gabon Cameroon
77%
Afghanistan China
77%
Mozambique Eswatini
77%
No matching quizzes found
Score Distribution
Percent of People with Each Score
Percentile by Number Answered
Your Score History
You have not taken this quiz since the last reset